Citations Les Cahiers de Douai - Statistiques

Statistiques générales
  • Ce quiz a été pris 22 fois
  • Le résultat moyen est 3 sur 20
Statistiques - réponses
Poème Citation % Correct
Roman On n’est pas sérieux quand on a dix-sept ans
82%
Le Dormeur du Val Il a deux trous rouges au côté droit.
41%
Sensation Et j’irai loin, bien loin, comme un bohémien
29%
Première Soirée Elle était fort déshabillée
24%
Ma Bohême Mon auberge était à la Grande Ourse
24%
Le Forgeron Ils ont rempli ton nid de l’odeur de nos filles
12%
Les Effarés Ils sont blottis, pas un ne bouge
12%
Rages de Césars l’Empereur est soûl de ses vingt ans d’orgie
12%
Morts de 92 Morts de Valmy, morts de Fleurus, morts d’Italie
12%
Les Réparties de Nine Une vache fientera, fière
12%
Au Cabaret-Vert la fille aux énormes tétons
6%
A la Musique Les gros bureaux bouffis traînent leurs grosses dames
6%
Rêvé pour l'hiver L’hiver nous irons dans un petit wagon rose \ Avec des coussins bleus.
6%
Le Forgeron Merde à ces chiens-là
6%
Ma Bohême Mon unique culotte avait un large trou
6%
Bal des Pendus Oh ! voilà qu’au milieu de la danse macabre \ Bondit dans le ciel rouge un grand squelette fou
6%
Roman On se laisse griser. \ La sève est du champagne qui vous monte à la tête
6%
Le Châtiment de Tartufe Peuh ! Tartufe était nu du haut jusques en bas !
6%
Le Mal une folie épouvantable
6%
Ophélie Voici plus de mille ans que la triste Ophélie \ Passe, fantôme blanc, sur le long fleuve noir
6%
Aucun quiz correspondant
Distribution des résultats
% des personnes avec chaque résultat
Percentile par nombre de réponses
Votre historique - résultats
Vous n’avez pas pris ce quiz